[Event "ESP-ch Blitz"]
[Site "Mengibar"]
[Date "2024.08.16"]
[Round "1"]
[White "Ramirez Aguado, Alvaro"]
[Black "Vazquez Igarza, Renier"]
[Result "1/2-1/2"]
[WhiteElo "2066"]
[BlackElo "2504"]
[PlyCount "118"]
[EventDate "2024.08.16"]
[EventType "swiss (blitz)"]
[EventRounds "11"]
[EventCountry "ESP"]
[SourceTitle "CBM 221 Extra"]
[Source "ChessBase"]
[SourceDate "2024.09.30"]
[SourceVersion "1"]
[SourceVersionDate "2024.09.30"]
[SourceQuality "1"]

1. e4 c5 2. Nc3 Nc6 3. Nge2 e6 4. d4 cxd4 5. Nxd4 a6 6. Nxc6 bxc6 7. Bd3 d5 8. 0-0 Nf6 9. Re1 Bb7 10. e5 Nd7 11. Na4 Nb6 12. Nxb6 Qxb6 13. b3 c5 14. c4 dxc4 15. Bxc4 Rd8 16. Qg4 h5 17. Qg5 g6 18. Qf6 Qc6 19. f3 Rg8 20. Bg5 Rd7 21. Qf4 Be7 22. Bxe7 Kxe7 23. Qf6+ Ke8 24. Rad1 Qc7 25. Rd6 Qd8 26. Rxe6+ Kf8 27. Bxa6 Qxf6 28. Rxf6 Bxa6 29. Rxa6 Kg7 30. e6 Rd2 31. Ra7 Rf8 32. e7 Re8 33. Rc7 Rxa2 34. Rd7 Raa8 35. Kf2 Kf6 36. g4 hxg4 37. fxg4 g5 38. Kf3 Ra6 39. Kg3 Re6 40. Rf1+ Kg6 41. Rf5 R8xe7 42. Rxe7 Rxe7 43. Rxc5 Re3+ 44. Kg2 Rxb3 45. Rc6+ f6 46. Rc5 Kf7 47. Rc6 Ke7 48. Ra6 Re3 49. Rb6 Rd3 50. Ra6 Rd4 51. Kg3 Rd3+ 52. Kg2 Rd6 53. Ra5 Ke6 54. Kg3 Rd3+ 55. Kg2 Rd5 56. Rxd5 Kxd5 57. Kg3 Ke4 58. h4 gxh4+ 59. Kxh4 Kd5 1/2-1/2

[Event "ESP-chT Rapid"]
[Site "Toledo"]
[Date "2022.09.24"]
[Round "4"]
[White "Ramirez Aguado, Alvaro"]
[Black "Martinez Soriano, Javier"]
[Result "0-1"]
[WhiteElo "2077"]
[BlackElo "2044"]
[PlyCount "66"]
[EventDate "2022.09.24"]
[EventType "team-swiss (rapid)"]
[EventRounds "9"]
[EventCountry "ESP"]
[SourceTitle "CBM 210 Extra"]
[Source "ChessBase"]
[SourceDate "2022.11.30"]
[SourceVersion "1"]
[SourceVersionDate "2022.11.30"]
[SourceQuality "1"]
[WhiteTeam "Tomelloso"]
[BlackTeam "Costa Calida II"]
[WhiteTeamCountry "ESP"]
[BlackTeamCountry "ESP"]

1. e4 e6 2. d4 d5 3. Nd2 c5 4. exd5 Qxd5 5. Ngf3 cxd4 6. Bc4 Qd6 7. 0-0 Nc6 8. Nb3 e5 9. Re1 Be7 10. Qe2 Bg4 11. h3 Bxf3 12. Qxf3 Nf6 13. Bg5 0-0 14. Nd2 Rac8 15. Rad1 Nb4 16. c3 Nc2 17. Rf1 e4 18. Nxe4 Nxe4 19. Bxe7 Qxe7 20. Bd3 Ng5 21. Qg3 dxc3 22. Bxc2 cxb2 23. Bf5 Rc5 24. Rfe1 Qf6 25. Bb1 Ne6 26. Qd3 g6 27. Qe3 Rfc8 28. g4 Rc3 29. Rd3 Rc1 30. Rdd1 R8c3 31. Qd2 Rxd1 32. Rxd1 Rxh3 33. Bd3 Qf3 0-1

[Event "ESP-ch U18"]
[Site "Salobrena"]
[Date "2021.07.28"]
[Round "5"]
[White "Ramirez Aguado, Alvaro"]
[Black "Cuellar Montes, Alejandro"]
[Result "0-1"]
[WhiteElo "1964"]
[BlackElo "2087"]
[PlyCount "106"]
[EventDate "2021.07.26"]
[EventType "swiss"]
[EventRounds "9"]
[EventCountry "ESP"]
[SourceTitle "CBM 203 Extra"]
[Source "ChessBase"]
[SourceDate "2021.09.30"]
[SourceVersion "1"]
[SourceVersionDate "2021.09.30"]
[SourceQuality "1"]

1. e4 e5 2. Bc4 Nf6 3. d3 Nc6 4. Nc3 Bc5 5. f4 h5 6. Nd5 Ng4 7. Qd2 Nf2 8. b4 Bd4 9. c3 Nxh1 10. cxd4 Nxd4 11. fxe5 c6 12. Ne3 d6 13. Bb2 dxe5 14. 0-0-0 b5 15. Bb3 a5 16. bxa5 Qxa5 17. Qxa5 Rxa5 18. Rf1 f6 19. Bxd4 exd4 20. Nf5 Bxf5 21. exf5 c5 22. Nf3 c4 23. dxc4 bxc4 24. Bxc4 Rc5 25. Nd2 Kd7 26. Kc2 h4 27. Rxh1 Rxf5 28. Kd3 Rf2 29. Bd5 h3 30. g3 f5 31. Bb3 Kd6 32. g4 g6 33. Bf7 Ke5 34. g5 Rc8 35. Nc4+ Kf4 36. a4 Kxg5 37. a5 Kf6 38. Bd5 Ra2 39. Bb7 Rc7 40. a6 Ra4 41. Rc1 g5 42. Kxd4 g4 43. a7 Rxa7 44. Bd5 Ra2 45. Rh1 Re7 46. Kd3 Ree2 47. Ne3 Rad2+ 48. Kc3 Rxh2 49. Rf1 Rhf2 50. Rg1 h2 51. Rh1 g3 52. Nd1 Rxd5 53. Nxf2 g2 0-1